000 00489nam a22002057a 4500
003 OSt
005 20250503140616.0
008 250503b |||||||| |||| 00| 0 eng d
020 _a978-0-07-007752-2
040 _cTrident
082 _a621.3825
_bHa
100 _aTri.T Ha
_945403
245 _aDigital Satellite Communication
250 _a2nd
260 _aNew Delhi
_bMGH
_c2013
300 _a"XXIII,635p;"
500 _aQuantity-1
650 _aElectronics
942 _2ddc
_cBK
_n0
999 _c61132
_d61132